000 00630nam a2200229Ia 4500
003 GCL
008 140319s9999 xx 000 0 ara d
040 _aGCL /
_cGCL
082 0 4 _a916.1204
_bا ف
100 1 _aاحمد محمد حسين
245 1 0 _aفى صحراء ليبيا /
_cاحمد محمد حسين
260 _aالقاهرة :
_bمطبعة مصر
300 _a409 ص ؛
_c24
490 _a
650 0 4 _aليبيا
650 0 4 _aالرحلات
650 0 4 _aالرحالة
650 0 4 _aالمغامرات
650 0 4 _aوصف ورحلات
650 0 4 _aالصحراء الكبرى
942 _2ddc
_cBK
999 _c36687
_d36687